[Event "IOM Open-Masters 2017"]
[Site "Douglas"]
[Date "2017.09.29"]
[Round "7"]
[White "Sargissian, Gabriel"]
[Black "Harsha Bharathakoti"]
[Result "1/2-1/2"]
[WhiteElo "2652"]
[BlackElo "2394"]
[Annotator "TA"]
[PlyCount "106"]
[EventDate "2017.??.??"]
[EventType "swiss"]
[EventCountry "GBR"]
[SourceTitle "playchess.com"]
[Source "ChessBase"]
[SourceQuality "1"]

{[%evp 19,106,9,15,5,18,18,16,10,29,22,33,32,36,0,6,0,0,0,6,-36,-8,-15,-20,-16,-8,-22,-30,-47,-6,-8,0,0,0,-11,13,0,8,10,5,4,10,8,16,2,5,10,14,14,23,2,0,0,8,7,29,17,50,58,66,64,159,139,130,20,20,20,23,16,16,16,16,16,18,0,8,0,0,0,0,0,0,0,0,0,0,0,0,0,0]} 1. d4 d5 2. c4 e6 3. Nf3 Nf6 4. g3 Be7 5. Bg2 O-O 6. O-O dxc4 7. Qc2 a6 8. a4 Bd7 9. Rd1 {E05: Open Catalan: 5 Nf3 Be7} Bc6 10. Bg5 a5 {LiveBook: 4 Games} 11. Ne5 $146 ({Predecessor:} 11. Na3 Na6 12. Nxc4 Nb4 13. Qc1 h6 14. Bxf6 Bxf6 15. Nfe5 Bd5 16. Qc3 b6 {½-½ (36) Dubov,D (2666)-Aronian,L (2799) Tbilisi 2017}) 11... Bxg2 12. Kxg2 Na6 13. Qxc4 Qd5+ (13... Nd7 {seems wilder.} 14. Nxd7 Qxd7 15. Bxe7 Qxe7 16. Na3 Rfd8) 14. Qxd5 Nxd5 15. Bxe7 Nxe7 16. Nd2 Rfd8 17. Nb3 f6 18. Nd3 b6 19. Rdc1 Kf7 20. Rc4 Rd7 21. Rac1 Rad8 22. g4 h5 23. h3 hxg4 24. hxg4 Rh8 25. Nd2 Nd5 26. Nf3 Ne7 27. Kg3 Rh7 28. b4 axb4 29. Nxb4 Nxb4 30. Rxb4 Nd5 31. Rb5 Rh8 32. a5 g5 33. e3 Ke7 34. axb6 cxb6 35. Nd2 Ra7 36. Rb3 Ra2 37. Ne4 Kd7 38. Nc3 Nxc3 39. Rbxc3 $14 {[%mdl 4096] [#] Endgame Strongly threatening Rc7+. KRR-KRR} f5 (39... Ra7 $1 $14) 40. Rc7+ $16 Kd6 41. Kg2 ({White should play} 41. R1c6+ $16 Kd5 42. Rxb6 f4+ 43. exf4 gxf4+ 44. Kxf4 Rf8+ 45. Kg3) 41... Rf8 $11 42. Kf3 Ra1 43. R1c3 {Threatens to win with gxf5.} e5 {The position is equal.} 44. gxf5 {[#] Threatening mate with Ke4.} exd4 45. R3c6+ Ke5 46. exd4+ Kxf5 47. Re7 {[%csl Gd4][%cal Re7e5]} (47. Rxb6 {is more complex.} Ra3+ 48. Kg2 Ra2 49. Rb3 Ke4 50. Re3+) 47... Ra3+ 48. Re3 Rxe3+ 49. Kxe3 Rb8 50. f3 b5 51. Rc5+ Kf6 52. Rc6+ Kf5 53. Rc5+ Kf6 {Precision: White = 53%, Black = 55%.} 1/2-1/2

[Event "IOM Open-Masters 2017"]
[Site "Douglas"]
[Date "2017.09.29"]
[Round "7"]
[White "Shirov, Alexei"]
[Black "Visakh N R"]
[Result "1-0"]
[WhiteElo "2630"]
[BlackElo "2458"]
[Annotator "TA"]
[PlyCount "65"]
[EventDate "2017.??.??"]
[EventType "swiss"]
[EventCountry "GBR"]
[SourceTitle "playchess.com"]
[Source "ChessBase"]
[SourceQuality "1"]

{[%evp 30,65,153,120,104,98,164,157,179,156,190,189,239,252,250,256,261,259,264,257,288,270,327,328,562,573,918,908,935,948,944,942,947,937,1296,1063,2031,2097]} 1. e4 c5 2. Nf3 d6 3. d4 cxd4 4. Nxd4 Nf6 5. Nc3 a6 6. Be3 e5 7. Nb3 Be6 8. f3 Be7 9. Qd2 O-O 10. O-O-O a5 11. a4 Nc6 12. g4 Nb4 13. g5 {B90: Sizilianisch (Najdorf-Variante, Abweichungen)} Ne8 14. f4 exf4 15. Bxf4 Rc8 16. Kb1 {LiveBook: 3 Partien} Bg4 17. Re1 {[#]} d5 $146 (17... Nc7 $16) ({Vorgänger:} 17... Nc7 18. Rg1 Be6 19. Nd4 d5 20. g6 dxe4 21. gxh7+ {½-½ (127) Swiercz,D (2654)-Andriasian,Z (2631) Martuni 2013}) 18. exd5 $18 Bd6 19. Nd4 Qb6 20. Ndb5 {[#] Droht Txe8! und aus.} Rd8 21. Bc4 Bf5 22. Bb3 Bxf4 23. Qxf4 Qg6 {[%cal Rf5c2]} 24. Re2 Bd7 25. Rhe1 Kh8 26. h4 f6 $2 {[#]} (26... Bxb5 {ist eine bessere Verteidigung.} 27. Nxb5 Nd6 28. Nxd6 Qxd6 29. Qxd6 Rxd6) 27. Nd4 {Weiß steht klar auf Gewinn.} Nd6 28. Qxd6 Bg4 29. Qh2 Bxe2 30. Qxe2 fxg5 31. Ne6 Rfe8 32. hxg5 Rc8 33. d6 {Precision: Weiß = 97%, Schwarz = 27%.} 1-0

[Event "IOM Open-Masters 2017"]
[Site "Douglas"]
[Date "2017.09.29"]
[Round "7"]
[White "Sethuraman, S.P."]
[Black "Vallejo Pons, Francisco"]
[Result "1/2-1/2"]
[WhiteElo "2617"]
[BlackElo "2717"]
[Annotator "TA"]
[PlyCount "68"]
[EventDate "2017.??.??"]
[EventType "swiss"]
[EventCountry "GBR"]
[SourceTitle "playchess.com"]
[Source "ChessBase"]
[SourceQuality "1"]

{[%evp 12,68,28,6,16,7,18,0,26,-25,-32,-39,-30,-39,-31,-43,-47,-64,-37,-45,-27,-55,-52,-48,-9,-18,-8,-8,-20,-15,-17,-13,0,0,0,0,0,0,0,0,0,0,0,0,0,0,0,0,-8,-21,-22,-23,-23,-23,-8,-8,-8,-8,-8]} 1. Nf3 d5 2. g3 Bg4 3. Bg2 Nd7 4. O-O e6 5. h3 Bxf3 (5... Bh5 6. d4 Ngf6 7. c4 c6 8. cxd5 cxd5 9. Nc3 Be7 10. Qb3 Bxf3 11. Bxf3 Qb6 12. Qxb6 Nxb6 {0-1 (50) Malakhov,V (2712)-Laznicka,V (2672) Chartres 2017}) 6. Bxf3 {A07: Réti Opening: New York and Capablanca Systems} c6 7. d3 {LiveBook: 12 Games} Bc5 8. d4 Bb6 9. c4 f5 $146 ({Predecessor:} 9... Ne7 10. cxd5 exd5 11. Nc3 O-O 12. b4 Nf5 13. e3 Nf6 {0-1 (42) Heinicke,H-Kieninger,G Augsburg 1951}) 10. Qb3 (10. b3 $142) 10... Bxd4 $11 11. Qxb7 Ne7 12. cxd5 cxd5 13. Qa6 Qb6 14. Qxb6 Nxb6 15. Na3 Kf7 16. Nb5 Be5 17. Bf4 Bxb2 18. Rab1 $1 {[%cal Rb1b2]} Nc4 19. Nd6+ Nxd6 20. Bxd6 Bf6 21. Rb7 Rhc8 22. g4 fxg4 23. hxg4 Rc6 24. Bxe7 Bxe7 25. e4 Rc3 26. exd5 {[#] aiming for Rxe7+!} Rxf3 27. d6 $1 Re8 28. Rxa7 Kf6 29. dxe7 Rxe7 {KRR-KRR} 30. Ra4 Kg5 31. Kg2 Ref7 32. Re4 R3f4 33. Rxf4 Rxf4 34. f3 Ra4 {Precision: White = 73%, Black = 58%.} 1/2-1/2

[Event "IOM Open-Masters 2017"]
[Site "Douglas"]
[Date "2017.09.29"]
[Round "7"]
[White "Bogner, Sebastian"]
[Black "Naiditsch, Arkadij"]
[Result "1-0"]
[WhiteElo "2599"]
[BlackElo "2702"]
[Annotator "TA"]
[PlyCount "81"]
[EventDate "2017.??.??"]
[EventType "swiss"]
[EventCountry "GBR"]
[SourceTitle "playchess.com"]
[Source "ChessBase"]
[SourceQuality "1"]

{[%evp 21,81,61,62,63,80,80,114,114,193,104,90,89,105,67,131,138,113,57,64,68,64,58,76,74,105,0,0,0,8,-6,138,148,148,165,502,494,491,507,500,474,473,470,526,503,490,380,476,0,514,480,506,411,410,379,368,348,415,314,536,539,1125,1100]} 1. e4 c5 2. Nf3 Nc6 3. d4 cxd4 4. Nxd4 Qb6 5. Nb3 Nf6 6. Nc3 e6 7. Be3 Qc7 8. a3 a6 9. f4 d6 10. g4 {B33: Sicilian: Pelikan and Sveshnikov Variations} (10. Be2 Be7 11. O-O O-O 12. Qe1 b5 13. Nd4 Bb7 14. Qg3 Kh8 15. Nxc6 Bxc6 16. Bd4 Rad8 17. Bf3 Rg8 18. Rad1 {0-1 (40) Plat,V (2522)-Movsesian,S (2680) Minsk 2017}) 10... b5 11. g5 Nd7 {LiveBook: 13 Games} 12. h4 {White is slightly better.} Bb7 13. h5 Nb6 $146 ({Predecessor:} 13... Nc5 14. Rh3 {1-0 (37) Pruijssers,R (2490)-Rihouay,C (2263) Belgium 2017}) 14. Qf3 b4 (14... h6 $16) 15. Qf2 (15. axb4 $1 $18 Nxb4 16. Qf2) 15... bxc3 $16 16. Bxb6 Qc8 17. bxc3 Be7 (17... h6 $14) 18. O-O-O O-O 19. g6 ({White should play} 19. Qe3 $16) 19... fxg6 20. hxg6 h6 $1 21. Bh3 Rb8 22. a4 a5 23. Rhe1 ({Better is} 23. Qe3 $16) 23... Ba6 $11 24. e5 $36 {[%mdl 2048] White fights for an advantage.} Nxe5 25. Bxa5 {[#]} Kh8 (25... Bg5 $1 $11 {[%mdl 512]} 26. Rd4 (26. fxg5 Rxf2) 26... Nxg6 27. Bxe6+ (27. fxg5 Rxf2 28. Bxe6+ Qxe6 $15) 27... Qxe6 28. fxg5 (28. Rxe6 Nxf4 29. Qxf4 Bxf4+ 30. Kb2 Be5 $15) 28... Rxf2 29. Rxe6 Nf4) 26. Qg3 $16 Bc4 {White must now prevent ...Nc6.} 27. fxe5 Bg5+ $2 {[#]} (27... Qc6 {is tougher.}) 28. Kb2 $1 $18 Bf4 29. Qg1 Bxe5 {[#]} 30. Rxe5 $1 dxe5 31. Bb4 Rf3 32. Bg2 Rg3 {aiming for ...Bxb3.} 33. Qh2 Re3 34. Qg1 Rg3 {...Bxb3 is the strong threat.} 35. Qf2 Rxg6 36. Be4 Rg4 37. Nc5 Qe8 38. Qe3 Rf4 39. Nd7 Qh5 $2 (39... Bd5 40. Bxd5 Qxd7) 40. Rh1 Rxb4+ 41. cxb4 {Precision: White = 61%, Black = 41%.} 1-0

[Event "IOM Open-Masters 2017"]
[Site "Douglas"]
[Date "2017.09.29"]
[Round "7"]
[White "Tregubov, Pavel V"]
[Black "Paul, Johannes"]
[Result "1-0"]
[WhiteElo "2589"]
[BlackElo "2335"]
[Annotator "TA"]
[PlyCount "119"]
[EventDate "2017.??.??"]
[EventType "swiss"]
[EventCountry "GBR"]
[SourceTitle "playchess.com"]
[Source "ChessBase"]
[SourceQuality "1"]

{[%evp 14,119,24,14,38,34,27,4,13,7,5,0,0,0,19,15,0,0,0,0,0,-8,-2,-22,20,-20,44,0,0,0,50,25,43,41,27,0,0,0,0,0,0,0,9,0,37,41,49,45,47,35,34,38,43,50,32,38,89,12,97,78,177,54,235,250,257,257,257,258,259,254,210,253,244,214,227,165,165,165,165,165,176,149,277,146,435,435,435,435,771,423,425,414,1183,1192,1334,1318,4134,704,1342,1329,1292,1292,1244,1219,1212,1168,1146,1134]} 1. d4 Nf6 2. c4 e6 3. Nc3 Bb4 4. e3 b6 5. Nge2 c5 6. a3 Ba5 7. Rb1 Na6 8. g3 Bb7 {E42: Nimzo-Indian: Rubinstein: 4...c5 5 Ne2} 9. d5 $1 b5 10. Bg2 bxc4 {The position is equal.} 11. e4 (11. O-O O-O 12. e4 exd5 13. exd5 d6 14. h3 Nc7 15. g4 Nd7 16. Bf4 Bxc3 17. Nxc3 {1-0 (33) Duda,J (2697)-Urkedal,F (2541) Khanty-Mansiysk 2017}) 11... exd5 12. e5 Ne4 13. O-O Nc7 14. Nxe4 $1 dxe4 15. Nc3 $146 ({Predecessor:} 15. Qa4 Bb6 16. Nc3 {½-½ (24) MacKintosh,I (2380)-Kubicki,T (2462) ICCF email 2011}) 15... Bxc3 16. bxc3 Bc6 17. Qg4 O-O 18. Bxe4 Qe7 19. Re1 Qe6 (19... Bxe4 $11 20. Qxe4 Rab8) 20. Bf5 Qd5 {[%csl Gc6][%cal Rd5h1]} 21. Be4 Qe6 22. Qxe6 fxe6 23. Bxc6 dxc6 24. Be3 Rfb8 25. Bxc5 Rb5 26. Bd6 Nd5 27. Rbc1 Rb3 28. Kg2 Rd8 29. Re4 $36 {[%mdl 2048] White is more active.} Rb2 30. Rce1 Nb6 31. R1e3 Rd7 $1 32. Rf3 {[%csl Gd6][%cal Rf3f8]} Rf7 $1 33. Ref4 Rxf4 34. Rxf4 $14 {[%csl Gd6][%cal Rf4f8][%mdl 4096] Endgame KRB-KRN} h6 (34... g5 $14 35. Rg4 Kf7) 35. Rf8+ $16 Kh7 36. Re8 $1 Nd5 (36... Kg6 $16 {is a better defense.}) 37. Bb4 (37. Rxe6 $18 {Strongly threatening Bc5.} Rb5 38. Re8) 37... c5 $2 (37... a5 $14 38. Bxa5 Rb5) 38. Bxc5 $18 Nxc3 39. Rxe6 Nd5 40. Rd6 ({Don't play} 40. Bxa7 $6 c3 $18) 40... Rd2 41. Bxa7 c3 42. Rc6 c2 43. h3 g5 44. a4 Nb4 45. Rc7+ Kg6 46. Be3 Rd1 47. Kf3 {aiming for Ke4.} Ra1 (47... Kf5 $16 {keeps fighting.} 48. a5 Ra1) 48. Bd2 (48. Ke4 $1 $18 {Hoping for f4.} Rxa4 49. Rc4) 48... Rxa4 $2 {[%mdl 8192]} (48... Kf5 $16) 49. Bxb4 $1 Rxb4 50. Rxc2 $16 {KR-KR} h5 (50... Rb3+ $142 51. Ke4 Rb4+ 52. Kd5 Kf5 53. g4+ Kg6) 51. Rc6+ Kf5 {[#]} 52. Rh6 $1 g4+ {[#]} (52... Kxe5 $142 53. Rxh5 Kf6) 53. Kg2 $1 $18 {White is clearly winning.} Kg5 54. Rf6 {[%csl Gg3][%cal Rh3h4]} h4 {[#]} 55. Rf4 $1 gxh3+ (55... Rxf4 56. gxf4+) 56. Kxh3 Rb2 57. Rg4+ Kf5 58. Rxh4 Kxe5 59. Rf4 Rb8 60. Ra4 {Precision: White = 63%, Black = 43%.} 1-0

[Event "IOM Open-Masters 2017"]
[Site "Douglas"]
[Date "2017.09.29"]
[Round "7"]
[White "Tari, Aryan"]
[Black "Arjun Kalyan"]
[Result "1-0"]
[WhiteElo "2588"]
[BlackElo "2406"]
[Annotator "TA"]
[PlyCount "135"]
[EventDate "2017.??.??"]
[EventType "swiss"]
[EventCountry "GBR"]
[SourceTitle "playchess.com"]
[Source "ChessBase"]
[SourceQuality "1"]

{[%evp 32,135,23,20,20,20,24,22,46,32,17,18,32,33,73,37,31,37,50,47,55,44,50,30,30,22,26,39,38,33,89,88,89,88,229,132,135,129,142,150,138,145,155,161,172,147,154,134,152,123,130,135,127,108,209,93,116,80,99,63,63,63,100,65,69,70,75,72,101,110,101,105,103,104,94,99,97,8,8,10,21,11,120,112,295,288,317,281,263,279,650,264,739,650,1246,1135,1493,1416,1270,1332,1272,1300,790,769,6291,6110]} 1. e4 e5 2. Nf3 Nc6 3. Bb5 a6 4. Ba4 Nf6 5. O-O Be7 6. Re1 b5 7. Bb3 d6 8. c3 O-O 9. h3 Nb8 10. d4 Nbd7 11. Nbd2 Bb7 12. Bc2 Re8 13. Nf1 Bf8 14. Bg5 h6 15. Bh4 Qc8 {C95: Closed Ruy Lopez: Breyer Variation with 10 d4} 16. dxe5 dxe5 17. N3d2 {LiveBook: 4 Games} a5 {The position is equal.} 18. a4 b4 19. Ne3 {[#]} Nh7 $146 ({Predecessor:} 19... Ra6 20. Qf3 Qa8 21. Rad1 bxc3 22. bxc3 Nc5 23. Nf5 {½-½ (91) Zhigalko,S (2671)-Matlakov,M (2694) Doha 2016}) 20. Ndc4 bxc3 21. bxc3 Nc5 22. Nd5 Ra7 23. Qh5 c6 24. Nde3 (24. Nxe5 Qe6 $17) 24... g6 25. Qf3 Qc7 26. Rad1 Bc8 27. Rd2 Be6 28. Red1 Raa8 29. Nd6 Reb8 $1 30. Nec4 {[%cal Be3c4,Bc4b6,Bb6d7][%mdl 32]} Bg7 (30... Nb7 $1 $14) 31. Bg3 f6 32. Qe3 $36 {[%mdl 2048] Black is under strong pressure.} Nb7 (32... Nb3 $16) 33. Qb6 ({Better is} 33. Nb6 $18) 33... Qxb6 $16 34. Nxb6 Ra6 {[#]} 35. Nd7 $1 {[%cal Rd7b8]} Bxd7 36. Nxb7 Rxb7 37. Rxd7 Rab6 38. Rxb7 Rxb7 39. Rd8+ Bf8 40. Ra8 Ng5 41. Rxa5 Ne6 42. Bd3 Nc7 (42... Kg7 $16) 43. f3 (43. f4 $18 {is more deadly.}) 43... Kf7 44. Bf2 Bd6 45. Ra7 Rb2 $1 46. Be3 Ke8 47. a5 {a6 is the strong threat.} Rb3 48. Kf2 Kd7 49. Ke2 Kc8 50. Ba6+ ({But not} 50. Bxh6 $6 Bc5 $11) 50... Kb8 {[#]} 51. Bb6 $1 {Black must now prevent Rb7+.} Nxa6 52. Rxa6 Rxc3 {[%mdl 4096] Endgame KRB-KRB} 53. Ra7 {Hoping for Rg7.} Bc5 54. Rf7 ({White should try} 54. Rc7 $16 Be3 55. g4) 54... Bxb6 $11 55. axb6 {KR-KR} Rc2+ 56. Kf1 c5 (56... Rc1+ $11 57. Kf2 Rc2+ 58. Kg3 c5) 57. Rxf6 $16 c4 $2 (57... g5 $16) 58. Rxg6 $18 c3 59. Ke1 ({Stronger than} 59. Rxh6 Rd2 $11) 59... Kb7 60. Kd1 ({Not} 60. Rxh6 Rd2 $11) 60... Rb2 $2 (60... Rd2+ 61. Kc1 h5) 61. Kc1 (61. g4 $142 h5 62. gxh5) 61... Ka6 $2 (61... h5 62. h4 Rf2) 62. g4 {[%cal Bg2g4,Bg4g5][%mdl 32] White is clearly winning.} Kb5 63. Rxh6 Kc4 64. g5 Rg2 65. b7 Rg1+ 66. Kc2 Rg2+ 67. Kd1 Rb2 68. Rh7 {Precision: White = 64%, Black = 49%.} 1-0

[Event "IOM Open-Masters 2017"]
[Site "Douglas"]
[Date "2017.09.29"]
[Round "7"]
[White "Ju, Wenjun"]
[Black "Degtiarev, Evgeny"]
[Result "1/2-1/2"]
[WhiteElo "2574"]
[BlackElo "2412"]
[Annotator "TA"]
[PlyCount "206"]
[EventDate "2017.??.??"]
[EventType "swiss"]
[EventCountry "GBR"]
[SourceTitle "playchess.com"]
[Source "ChessBase"]
[SourceQuality "1"]

{[%evp 9,206,36,32,12,28,14,13,-22,-5,-19,5,-2,10,4,17,15,11,16,6,12,8,1,27,8,77,75,75,65,66,61,77,66,66,68,64,52,72,72,72,72,78,80,91,60,54,57,45,54,60,43,92,83,85,90,100,107,107,92,92,97,104,92,93,88,115,118,120,125,115,98,100,74,96,71,81,56,51,25,131,111,181,193,178,175,320,320,381,381,381,381,381,381,381,381,381,381,281,29,29,29,29,29,29,29,29,29,29,29,29,29,63,29,29,0,30,30,34,34,34,0,41,41,48,48,63,48,48,49,49,0,56,0,63,63,64,63,64,64,64,64,64,64,64,64,64,64,64,64,64,72,72,0,80,0,122,8,8,8,8,0,8,0,8,8,8,8,8,8,8,8,8,0,8,8,8,8,8,8,8,8,8,8,8,8,8,8,8,8,8,8,8,8,8,0,8,8,8,8,8]} 1. d4 Nf6 2. c4 b6 3. Nf3 Bb7 4. g3 g6 5. Bg2 Bg7 6. d5 {A50: Queen's Fianchetto Defence (1 d4 Nf6 2 c4 b6)} (6. O-O O-O 7. Qc2 Be4 8. Qa4 Bb7 9. Qc2 Be4 10. Qb3 Nc6 11. Nbd2 d5 12. Qd1 Rc8 13. b3 dxc4 14. Bb2 cxb3 15. Nxe4 Nxe4 16. axb3 Na5 17. Qc2 {1-0 (41) Pashikian,A (2603)-Khismatullin,D (2651) Minsk 2017}) 6... Ne4 7. Qc2 f5 8. Nbd2 Nd6 9. Nb3 $146 ({Predecessor:} 9. e4 e6 10. O-O O-O 11. Rb1 a5 12. Ne1 Na6 13. Nd3 Nb4 14. Nxb4 axb4 {½-½ (47) Kozlov,O (2279)-Speelman,J (2525) Caleta 2010}) 9... Na6 10. Bf4 Nb4 11. Qc1 $36 {[%mdl 2048] Black is under pressure.} e6 12. a3 Na6 13. dxe6 dxe6 14. O-O O-O 15. Rd1 Qe7 16. Be5 Rfe8 (16... Bxe5 $11 {remains equal.} 17. Nxe5 Bxg2 18. Kxg2 Nf7) 17. c5 $16 Nxc5 18. Nxc5 bxc5 19. Qxc5 Nf7 20. Qxe7 Rxe7 21. Bxg7 Kxg7 22. Rac1 Rb8 23. b4 e5 24. Rc5 Kf6 25. Rdc1 Nd6 26. Rxc7 Rxc7 27. Rxc7 Rc8 28. Rxc8 Bxc8 $14 {[%mdl 4096] Endgame KBN-KBN} 29. Nd2 Nb5 30. Nb1 $1 Nd4 {[#]} 31. e3 $1 {[%cal Re3d4]} Ne2+ 32. Kf1 Nc1 33. Bc6 Ba6+ 34. b5 Bc8 35. Nc3 Ke6 36. Ke1 e4 37. Bd5+ Kd6 38. Kd2 Nd3 39. Bxe4 Nxf2 {[#]} 40. Bf3 $1 Kc5 41. Ke2 Nh3 42. Bd5 Bd7 43. a4 h6 (43... Ng5 $11) 44. a5 Bxb5+ (44... Bc8 $16 {is a better defense.}) 45. Nxb5 $18 Kxb5 $16 {KB-KN} 46. Bf7 Kxa5 (46... g5 $142 47. Be6 g4) 47. Bxg6 $18 Kb4 48. Bxf5 Ng5 49. h4 Nf7 50. g4 Kc5 51. Kf3 Kd6 52. Kf4 a5 53. g5 $2 (53. Bc2 $18) 53... hxg5+ $11 54. hxg5 Ke7 $1 55. Bc2 Kf8 56. e4 Kg7 57. e5 Nd8 58. Bb3 Nc6 $1 59. e6 Kf8 60. Kf5 (60. Ba4 $5 {[%cal Ra4c6]} Ne7 61. Ke5 $18) 60... Kg7 $1 61. Kf4 (61. Ke4 {looks sharper.} Ne7 62. Bc2 Kg6 63. Kf4+ Kg7 64. Ke5) 61... Ne7 62. Ba4 Ng8 63. Bb5 Ne7 64. Ba4 Ng8 65. Bc2 Ne7 66. Ke5 Ng8 67. Ke4 Ne7 68. Kf4 Nc6 69. Ke4 (69. Ba4 {is more complex.} Ne7 70. Bd7 Ng6+ 71. Kg4 Ne7 72. Be8) 69... Ne7 70. Ke5 Ng8 71. Kd6 {Black must now prevent Kd7.} Kf8 72. Kd7 Ne7 73. Ba4 Ng8 74. Kd8 {aiming for Kd7.} Ne7 75. Kc7 Ng8 76. Kd7 {Threatens to win with Bb3.} Ne7 77. Kd8 {And now Bb5 would win.} Ng8 78. Bb5 Ne7 79. Be8 Nd5 80. Bb5 Ne7 81. Be8 Nd5 $1 82. g6 (82. Bd7 $16) 82... Kg7 {The position is equal.} 83. Bc6 Nf6 84. Be8 {Hoping for Bf7.} Nd5 85. Bc6 Nf6 86. e7 {Strongly threatening Be8.} Kxg6 87. Ba4 Kf5 88. Bb3 Ke5 89. Kc7 a4 90. Ba2 a3 91. Bf7 Ne8+ 92. Bxe8 {White wants to mate with Bh5. KB-KP} Kf6 $1 {[%cal Rf6e7]} 93. Kd8 {White threatens Bh5 and mate.} a2 94. Bc6 a1=Q {( -> ...Qd4+)} 95. e8=Q {Threatening mate with Qh8+.} Qa5+ 96. Kc8 {Black should prevent Qf8+.} Qa6+ 97. Kb8 {next Qd8+ is good for White.} Qb6+ 98. Bb7 Qd6+ 99. Ka7 Qa3+ 100. Kb6 Qb4+ 101. Ka7 Qa3+ 102. Ba6 Qe7+ 103. Qxe7+ Kxe7 {Precision: White = 52%, Black = 74%.} 1/2-1/2

[Event "IOM Open-Masters 2017"]
[Site "Douglas"]
[Date "2017.09.29"]
[Round "7"]
[White "Aravindh, Chithambaram VR."]
[Black "Hou, Yifan"]
[Result "0-1"]
[WhiteElo "2573"]
[BlackElo "2670"]
[Annotator "TA"]
[PlyCount "96"]
[EventDate "2017.??.??"]
[EventType "swiss"]
[EventCountry "GBR"]
[SourceTitle "playchess.com"]
[Source "ChessBase"]
[SourceQuality "1"]

{[%evp 20,96,8,14,9,11,9,20,9,16,22,21,22,0,12,12,12,12,16,16,29,0,0,0,0,0,2,0,0,0,0,0,0,0,0,0,0,0,0,0,0,0,0,-62,-63,-61,-64,-60,-60,-60,-60,-60,-60,-63,-52,-275,-237,-237,-241,-822,-822,-705,-649,-866,-884,-1157,-1008,-5778,-2997,-5535,-2230,-29965,-12031,-29974,-29975,-29972,-29965,-12798,-6301]} 1. e4 e5 2. Nf3 Nc6 3. Bb5 Nf6 4. Nc3 Bb4 5. O-O O-O 6. d3 Bxc3 7. bxc3 d6 8. Bg5 h6 9. Bh4 a6 10. Bxc6 bxc6 11. Nd2 Qe7 $146 {C49: Four Knights: 4 Bb5 Bb4} ({Predecessor:} 11... g5 12. Bg3 Bg4 13. f3 Be6 14. d4 Nd7 15. Qe2 f6 16. Nc4 a5 17. Rab1 Qc8 18. Ne3 Nb6 19. a3 {0-1 (37) Nebolsina,V (2324)-Kovanova,B (2334) St Petersburg 2007}) 12. Nc4 d5 13. exd5 cxd5 {The position is equal.} 14. Ne3 {[#] aiming for Nxd5!} c6 15. d4 Re8 16. c4 dxc4 17. Nxc4 exd4 18. Qxd4 c5 19. Qb2 Be6 20. Bxf6 (20. Ne3 {is interesting.} Rab8 21. Qa3 Rb4 22. Bxf6 Qxf6 23. Qxa6 Qe5 24. a4) 20... Qxf6 21. Qxf6 gxf6 22. Ne3 f5 23. Rfd1 (23. g3 {keeps more tension.} f4 24. gxf4 Bh3 25. Rfe1 Rad8 26. Nf1) 23... Rad8 24. Rxd8 (24. g3 {looks sharper.} Rd4 25. c3 Ra4 26. Rd6 f4 27. Ng2) 24... Rxd8 $11 {[%mdl 4096] Endgame KRB-KRN} 25. g3 Rd4 26. f4 Kf8 27. a3 Ke7 28. Kf1 Rd2 29. h4 Kd6 30. Rb1 Kc6 31. Rb8 (31. Ke1 $11 Rd8 32. Ke2) 31... c4 $1 $15 {[%cal Bc5c4,Bc4c3][%mdl 32]} 32. Ke1 c3 33. g4 $1 fxg4 {And now ...Kc5 would win.} 34. f5 Bd7 {...g3 is the strong threat.} 35. Rb3 Rd4 36. Rxc3+ Kd6 37. Rc4 $2 (37. Rd3 $15 Rxd3 38. cxd3) 37... Rxc4 $19 38. Nxc4+ {KB-KN} Kc5 39. Ne5 $2 (39. Ne3 h5 40. f6) 39... Bxf5 40. Nxf7 h5 41. Kd2 Kd5 42. Nd8 {[#]} Bxc2 $1 {[%mdl 512]} 43. Ke3 (43. Kxc2 g3) 43... Bg6 44. Kf4 a5 45. a4 Kc5 46. Kg5 g3 47. Ne6+ Kb4 48. Nf4 Be4 {Precision: White = 45%, Black = 93%.} (48... Be8 $142 49. Kf6 Kxa4) 0-1

[Event "IOM Open-Masters 2017"]
[Site "Douglas"]
[Date "2017.09.29"]
[Round "7"]
[White "Timman, Jan H"]
[Black "Leko, Peter"]
[Result "1/2-1/2"]
[WhiteElo "2573"]
[BlackElo "2679"]
[Annotator "TA"]
[PlyCount "94"]
[EventDate "2017.??.??"]
[EventType "swiss"]
[EventCountry "GBR"]
[SourceTitle "playchess.com"]
[Source "ChessBase"]
[SourceQuality "1"]

{[%evp 19,94,2,0,13,0,0,0,0,0,-6,-6,-6,-6,-6,-4,-4,-3,-50,-56,-18,0,-25,-12,-19,-12,-27,-15,-22,-21,-19,0,0,0,0,0,-12,-18,-38,-43,-75,-84,-80,-81,-87,-87,-87,-87,-87,-87,-87,-87,-87,-22,-52,-13,-13,-13,-13,-13,-13,-13,-18,-13,-13,-13,-13,-8,-26,-13,-22,0,0,0,-30,0,0,0]} 1. d4 Nf6 2. c4 e6 3. Nf3 d5 4. Nc3 Bb4 5. Qa4+ Nc6 6. e3 O-O 7. Qc2 {D38: Queen's Gambit Declined: Ragozin Defence (4 Nf3 Bb4)} Re8 8. Bd2 a6 9. h3 Bd6 10. a3 Bd7 {LiveBook: 4 Games} 11. Be2 dxc4 12. Bxc4 h6 13. O-O e5 {[#]} 14. d5 $146 ({Predecessor:} 14. Rae1 Qe7 {½-½ (53) Aronian,L (2793)-Giri,A (2771) Stavanger 2017}) 14... Ne7 15. e4 b5 16. Ba2 Ng6 17. Rfe1 Nh5 18. Be3 Rf8 19. Qd1 Nhf4 20. Rc1 f5 21. exf5 Bxf5 22. Bb1 Bxb1 23. Rxb1 Qd7 24. Bxf4 Rxf4 25. Ne4 Raf8 {aiming for ...Rxf3!} 26. Re3 Qf7 27. Qd3 Rf5 28. Ng3 e4 29. Nxe4 {[#]} Nf4 $1 {[%cal Rf4d3]} 30. Qb3 {[#]} Nxh3+ $1 31. gxh3 Rxf3 32. Rxf3 Qxf3 33. Qxf3 Rxf3 34. Nxd6 cxd6 $17 {[%mdl 4096] Endgame KR-KR} 35. Rc1 Kf7 (35... a5 $17 36. Rc3 Rf5) 36. Rc6 $11 Ke7 37. Rxa6 Rxh3 38. Ra7+ Kf6 39. Rd7 $1 Ke5 {next ...g5 is good for Black.} 40. Rxg7 Rb3 41. Re7+ Kxd5 42. Re2 $1 h5 43. Rd2+ Ke5 44. Re2+ Kd4 45. Rd2+ Ke5 46. Re2+ Kd4 47. Rd2+ Ke5 {Precision: White = 55%, Black = 60%.} 1/2-1/2